'S' Blitz Quiz Stats

 Plays Quiz Updated Oct 3, 2018

Score 0/40 Timer 04:00
3 Plays Today
Category Answer % Correct
PlanetSaturn
99.3%
MonthSeptember
99.3%
Day of the WeekSaturday
96.4%
Sense (Five Senses)Sight
94.7%
SeasonSpring
93.4%
European CountrySweden
93.2%
Disney DwarfSneezy
92.4%
Basic Human TasteSaltiness
86.9%
US StateSouth Carolina
85.2%
ElementSodium
81.1%
African CountrySomalia
80.5%
Scooby-Doo PalShaggy
80.4%
Sporcle CategorySports
76.1%
Great LakeSuperior
75.7%
Wizard of Oz CompanionScarecrow
74.4%
Spice Girl NicknameScary
73.6%
Columbus' ShipSanta María
72.5%
Side of a ShipStarboard
72.3%
Section of an OrchestraString
72.3%
Deadly SinSloth
70.1%
Category Answer % Correct
Trigonometric RatioSine
68.2%
NFL Team NameSeahawks
67.8%
Russian Leader (since 1917)Stalin
67.3%
Asian CountrySri Lanka
67.3%
Sign of the ZodiacSagittarius
65%
US State CapitalSacramento
64.3%
BirthstoneSapphire
60.3%
Hogwarts' HouseSlytherin
59.2%
Simpsons' PetSnowball
56.5%
Borough of New York CityStaten Island
56%
ApostlesSimon
54%
Summer Olympic Host CityStockholm
52.1%
Clue/Cluedo RoomStudy
48.8%
South American CountrySuriname
45.3%
Books of the BibleSong of Solomon
41.5%
Oceania CountrySamoa
41%
Human Body SystemSkeletal
28%
Monopoly PropertyShort Line
27.6%
English Royal HouseStuart
25.2%
Oscar Best PictureSlumdog Millionaire
24.9%

You're not logged in!

Compare scores with friends on all Sporcle quizzes.
OR
Log In

Show Comments

Extras

Top Quizzes Today


Score Distribution

Your Account Isn't Verified!

In order to create a playlist on Sporcle, you need to verify the email address you used during registration. Go to your Sporcle Settings to finish the process.

Report this User

Report this user for behavior that violates our Community Guidelines.

Details: